Im Glanz deines Lichts: Praxishilfen für Advent, Weihnachten, Jahreswechsel und Epiphanias

CD-ROM: PDF des Buchinhalts und Bildmaterial

Saved in:  
Bibliographic Details
Main Author: Sauer, Harald (Author)
Format: Print Book
Language:German
Subito Delivery Service: Order now.
Check availability: HBZ Gateway
WorldCat: WorldCat
Interlibrary Loan:Interlibrary Loan for the Fachinformationsdienste (Specialized Information Services in Germany)
Published: Gütersloh Gütersloher Verlagshaus 2013
In:Year: 2013
Edition:1. Aufl.
Standardized Subjects / Keyword chains:B Epiphany season / Worship service / Parish work / Protestant Church
B Epiphany season / Worship service / Protestant Church
Further subjects:B Epiphany Prayers and devotions
B Christmas
B New Year
B Epiphany
B Collection of samples
B Christmas Prayers and devotions
B Advent Prayers and devotions
B Worship programs
B Advent
B Sermon aid
Online Access: Inhaltstext (Publisher)
Table of Contents

MARC

LEADER 00000cam a2200000 c 4500
001 745779549
003 DE-627
005 20251224183240.0
007 tu
008 130513s2013 gw ||||| 00| ||ger c
015 |a 13,N19  |2 dnb 
016 7 |a 103417939X  |2 DE-101 
020 |a 3579074067  |c Gb. : EUR 17.99 (DE)  |9 3-579-07406-7 
020 |a 9783579074061  |c Kart. : EUR 17.99 (DE), EUR 18.50 (AT), sfr 25.90 (freier Pr.)  |9 978-3-579-07406-1 
024 3 |a 9783579074061 
035 |a (DE-627)745779549 
035 |a (DE-576)391925598 
035 |a (DE-599)DNB103417939X 
035 |a (OCoLC)855870323 
035 |a (OCoLC)985437417 
040 |a DE-627  |b ger  |c DE-627  |e rakwb 
041 |a ger 
044 |c XA-DE-NW 
050 0 |a BV40 
050 0 |a BV135.N5 
082 0 |a 263.91 
082 0 4 |a 230  |q DNB 
084 |a 230  |2 sdnb 
084 |a 1  |2 ssgn 
084 |a BQ 4880  |q BVB  |2 rvk  |0 (DE-625)rvk/15455: 
084 |a BV 4751  |2 rvk  |0 (DE-625)rvk/16993:387 
084 |a 11.74  |2 bkl 
084 |a 11.75  |2 bkl 
100 1 |a Sauer, Harald  |4 aut 
245 1 0 |a Im Glanz deines Lichts  |b Praxishilfen für Advent, Weihnachten, Jahreswechsel und Epiphanias  |c Harald Sauer 
250 |a 1. Aufl. 
264 1 |a Gütersloh  |b Gütersloher Verlagshaus  |c 2013 
300 |a 192 S  |c 22 cm  |e CD-ROM 
336 |a Text  |b txt  |2 rdacontent 
337 |a ohne Hilfsmittel zu benutzen  |b n  |2 rdamedia 
338 |a Band  |b nc  |2 rdacarrier 
520 |a CD-ROM: PDF des Buchinhalts und Bildmaterial 
583 1 |a Archivierung prüfen  |c 20240324  |f DE-4165  |z 1  |2 pdager 
601 |a Weihnachten 
650 0 |a Advent 
650 0 |a Christmas 
650 0 |a New Year 
650 0 |a Epiphany 
650 0 |a Worship programs 
650 0 |a Advent  |v Prayers and devotions 
650 0 |a Christmas  |v Prayers and devotions 
650 0 |a Epiphany  |v Prayers and devotions 
655 7 |a Beispielsammlung  |0 (DE-588)4144384-6  |0 (DE-627)104798521  |0 (DE-576)209733659  |2 gnd-content 
655 7 |a Predigthilfe  |0 (DE-588)4175601-0  |0 (DE-627)10536293X  |0 (DE-576)209964782  |2 gnd-content 
689 0 0 |d s  |0 (DE-588)4300109-9  |0 (DE-627)104109319  |0 (DE-576)211026069  |2 gnd  |a Weihnachtsfestkreis 
689 0 1 |d s  |0 (DE-588)4021671-8  |0 (DE-627)106312804  |0 (DE-576)208939296  |2 gnd  |a Gottesdienst 
689 0 2 |d s  |0 (DE-588)4128650-9  |0 (DE-627)104279443  |0 (DE-576)209603895  |2 gnd  |a Gemeindearbeit 
689 0 3 |d s  |0 (DE-588)4015833-0  |0 (DE-627)106335138  |0 (DE-576)208913718  |2 gnd  |a Evangelische Kirche 
689 0 |5 DE-101 
689 1 0 |d s  |0 (DE-588)4300109-9  |0 (DE-627)104109319  |0 (DE-576)211026069  |2 gnd  |a Weihnachtsfestkreis 
689 1 1 |d s  |0 (DE-588)4021671-8  |0 (DE-627)106312804  |0 (DE-576)208939296  |2 gnd  |a Gottesdienst 
689 1 2 |d s  |0 (DE-588)4015833-0  |0 (DE-627)106335138  |0 (DE-576)208913718  |2 gnd  |a Evangelische Kirche 
689 1 |5 DE-101 
856 4 2 |u http://d-nb.info/103417939X/04  |m B:DE-101  |q application/pdf  |v 2015-05-28  |x Verlag  |3 Inhaltsverzeichnis  |7 1 
856 4 2 |u http://deposit.dnb.de/cgi-bin/dokserv?id=4311993&prov=M&dok_var=1&dok_ext=htm  |q text/html  |x Verlag  |3 Inhaltstext  |7 1 
889 |w (DE-627)817489096 
935 |i Blocktest 
936 r v |a BQ 4880  |b Kirchenjahr  |k Theologie und Religionswissenschaften  |k Evangelische Praktische Theologie  |k Liturgik  |k Gottesdienstliche Handlungen  |k Kirchenjahr  |0 (DE-627)1272621804  |0 (DE-625)rvk/15455:  |0 (DE-576)202621804 
936 r v |a BV 4751  |b Predigtsammlungen  |k Theologie und Religionswissenschaften  |k Homiletik  |k Die Gegenstände der Predigt  |k Die außersakramentale liturgische Predigt  |k Predigten zum Weihnachtsfestkreis  |k Predigtsammlungen  |0 (DE-627)1273450698  |0 (DE-625)rvk/16993:387  |0 (DE-576)203450698 
936 b k |a 11.74  |j Liturgik  |0 (DE-627)106419714 
936 b k |a 11.75  |j Homiletik  |0 (DE-627)106415328 
951 |a BO 
ELC |b 1 
LOK |0 000 xxxxxcx a22 zn 4500 
LOK |0 001 4494351687 
LOK |0 003 DE-627 
LOK |0 004 745779549 
LOK |0 005 20240229153443 
LOK |0 008 240229||||||||||||||||ger||||||| 
LOK |0 040   |a DE-Tue135  |c DE-627  |d DE-Tue135 
LOK |0 092   |o n 
LOK |0 852   |a DE-Tue135 
LOK |0 852 1  |9 00 
LOK |0 935   |a RFBW  |a bips 
LOK |0 939   |a 29-02-24  |b l01 
ORI |a SA-MARC-ixtheoa001.raw 
REF |a Evangelischer Gottesdienst 
STA 0 0 |a Advent,Advent,Epiphany season,Parish work,Congregational work,Protestant Church,Protestant Church,Protestant Church,Evangelical Church,Worship service,Worship service,Liturgical service,Church service,Religious service 
STB 0 0 |a Avent,Avent,Cycle de Noël,Messe,Messe,Service religieux,Culte,Service religieux,Culte,Service religieux (motif),Culte,Service religieux,Culte,Travail en paroisse,Activités paroissiales,Activités paroissiales,Église protestante,Église protestante 
STC 0 0 |a Adviento,Adviento,Celebración,Celebración,Misa,Culto,Misa,Culto,Misa (Motivo),Culto,Misa,Culto,Iglesia evangélica,Iglesia evangélica,Pastoral parroquial,Tiempo de Navidad 
STD 0 0 |a Avvento,Avvento,Chiesa evangelica,Chiesa evangelica,Lavoro della comunità parrocchiale,Messa <motivo>,Messa,Celebrazione liturgica,Celebrazione liturgica,Celebrazione liturgica (motivo),Celebrazione liturgica,Tempo di Natale 
STE 0 0 |a 圣诞周期,将临期,将临期,降临节,降临节,崇拜,崇拜,礼拜,礼拜,教区工作,教会工作,新教教会 
STF 0 0 |a 將臨期,將臨期,降臨節,降臨節,崇拜,崇拜,禮拜,禮拜,教區工作,教會工作,新教教會,聖誕週期 
STG 0 0 |a Advento,Advento,Igreja evangélica,Igreja evangélica,Liturgia,Liturgia,Missa,Culto,Missa,Culto,Missa (Motivo),Culto,Missa,Culto,Pastoral paroquial,Tempo de Natal 
STH 0 0 |a Адвент (мотив),Адвент,Богослужение (мотив),Богослужение,Евангелическая церковь (мотив),Евангелическая церковь,Период Рождества,Работа с приходом 
STI 0 0 |a Advent <μοτίβο>,Advent,Περίοδος που ξεκινά 4 Κυριακές πριν από τα Χριστούγεννα,Αντβέντ,Περίοδος που ξεκινά 4 Κυριακές πριν από τα Χριστούγεννα (μοτίβο),Αντβέντ (μοτίβο),Έργο της ενοριακής κοινότητας,Ευαγγελική Εκκλησία (μοτίβο),Ευαγγελική Εκκλησία,Θεία Λειτουργία (μοτίβο),Θεία Λειτουργία,Χριστουγεννιάτικος εορταστικός κύκλος 
SYE 0 0 |a Vorweihnachtsfest,Adventszeit,Vorweihnachtszeit,adventus,adventus Domini , Vorweihnachtsfest,Adventszeit,Vorweihnachtszeit,adventus,adventus Domini 
SYG 0 0 |a Weihnachtszeit , Gottesdienste , Kirchengemeindearbeit,Gemeindepflege,Kirchliche Gemeindearbeit , Evangelische Kirche in Karlsruhe , Protestant Church,Eglise protestante , Waldkapelle Klosterreichenbach,Petruskirche Heselbach,Drei-Meister-Kirche Helmershausen,Ev. Kirche,Evangelische Stadtkirche,Sankt Nikolaus,Nikolaikirche Elmshorn,Sankt Gereon,Schurwald-Kirchlein Aichschiess,Sankt Gereon und Margaretha,Evangelische Kirche Werden , Weihnachtszeit , Gottesdienste , Evangelische Kirche in Karlsruhe , Protestant Church,Eglise protestante , Waldkapelle Klosterreichenbach,Petruskirche Heselbach,Drei-Meister-Kirche Helmershausen,Ev. Kirche,Evangelische Stadtkirche,Sankt Nikolaus,Nikolaikirche Elmshorn,Sankt Gereon,Schurwald-Kirchlein Aichschiess,Sankt Gereon und Margaretha,Evangelische Kirche Werden